| 000 | 00626nam a2200181Ia 4500 | ||
|---|---|---|---|
| 008 | 090630s9999 xx 000 0 und d | ||
| 082 | _b19341 | ||
| 100 | _aबावडेकर निलिमा. | ||
| 245 |
_aखमंग मटण खिमा. _cबावडेकर निलिमा. |
||
| 260 |
_bसंयम - पुणे. _c1999 |
||
| 300 | _a64 | ||
| 600 | _aबावडेकर निलिमा. | ||
| 630 | _aखमंग मटण खिमा. | ||
| 655 | _aइतर. | ||
| 700 | _aबावडेकर निलिमा. | ||
| 730 | _aखमंग मटण खिमा. | ||
| 942 | _cBOOK | ||
| 999 |
_c271197 _d271197 |
||